00615nam a2200193Ia 4500008004100000020000700041082001600048100001500064245006300079250000700142260003400149300002900183500001900212600002700231650001500258942000700273952012600280999001500406240925s9999 xx 000 0 und d aNA a621.815 SHA aShahane - 0aSolutions of University Problems in Machine design(M K S ) aNA aBombay:bEngineering BookcNA axviii,404p.bNAfPirated aIncludes Index aElectronic Engineering aTechnology cBK 001040708ELaUITUbUITUd2006-05-12eOK Photostatg648.00l0o621.815 SHApQ6680r2024-09-25 07:14:20w2024-09-25yBK c9179d9179